Príprava a charakterizácia glukozinolátov z netradičných rastlinných druhov čeľade kapustovité

Enregistré dans:
Détails bibliographiques
Auteur principal: Mišíková, Miroslava (Auteur)
Autres auteurs: Šimkovič, Martin (Directeur de thèse)
Format: Manuscrit Livre
Langue:slovaque
Publié: 2020
Sujets:
Accès en ligne:http://is.stuba.sk/zp/portal_zp.pl?podrobnosti=150774
Tags: Ajouter un tag
Pas de tags, Soyez le premier à ajouter un tag!

MARC

LEADER 00000ntm a22000003a 4500
001 stuzp79981
003 SK-STU
005 20200627211057.3
007 ta
008 150427s2015----xo-----f-mn---000-0-slo-d
040 |a STU  |b slo 
041 0 |a slo 
100 1 |a Mišíková, Miroslava  |u 043000  |4 aut  |U FCHPT Fakulta chemickej a potravinárskej technológie  |T FCHPT Ústav biochémie a mikrobiológie  |X 76209  |U C3000  |Y 101  |7 76209 
242 0 1 |a Preparation and characterization of glucosinolates from rare plant species of the family Brassicaceae  |y eng 
245 1 0 |a Príprava a charakterizácia glukozinolátov z netradičných rastlinných druhov čeľade kapustovité 
260 |c 2020 
650 4 |a glukozinoláty  |2 slo 
650 4 |a kapustoviny  |2 slo 
650 4 |a myrozináza  |2 slo 
650 4 |a enzýmová aktivita  |2 slo 
650 4 |a glucosinolates  |2 eng 
650 4 |a cabbages  |2 eng 
650 4 |a myrosinase  |2 eng 
650 4 |a enzyme activity  |2 eng 
700 1 |a Šimkovič, Martin  |u 043000  |k Z1  |4 ths  |U FCHPT Fakulta chemickej a potravinárskej technológie  |T FCHPT Ústav biochémie a mikrobiológie  |X 3961  |U C3000  |Y 101  |7 A000003961 
856 4 |u http://is.stuba.sk/zp/portal_zp.pl?podrobnosti=150774